Noms des épisodes de La Casa De Papel - Statistiques

Statistiques générales
  • Ce quiz a été pris 4 fois
  • Le résultat moyen est 2 sur 41
Statistiques - réponses
Hint Réponse % Correct
Episode 2 Aïkido
50%
Episode 8 Le Plan Paris
50%
Episode 3 48 mètres sous terre
25%
Episode 5 Boum, Boum, Ciao
25%
Episode 10 Une tradition familiale
25%
Episode 5 5 minutes plus tôt
0%
Episode 8 Astray
0%
Episode 6 Au revoir Belle
0%
Episode 4 C'est l'heure des dauphins
0%
Episode 4 Cheval de Troie
0%
Episode 5 Contre la montre
0%
Episode 7 Cool Instabilité
0%
Episode 2 Croyez-vous à la réincarnation ?
0%
Episode 7 Des vacances rapides
0%
Episode 6 Escape Valve
0%
Episode 1 Faites comme prévu
0%
Episode 1 Fin de partie
0%
Episode 7 Frappez la tente
0%
Episode 6 La guerre chaude et froide
0%
Episode 8 La théorie de l'élégance
0%
Episode 3 "Leçon d'anatomie
0%
Episode 5 Le jour de la marmotte
0%
Episode 2 Le mariage de Berlin
0%
Episode 3 Le spectacle de la vie
0%
Episode 1 Masqué plus longtemps
0%
Episode 3 Misfire
0%
Episode 2 Négligence mortelle
0%
Episode 4 Pasodoble
0%
Episode 9 Pillow Talk
0%
Episode 4 Qu'avons-nous fait?
0%
Episode 9 Quiconque continue de l'essayer l'obtient
0%
Episode 1 The End of the Road
0%
Episode 2 The Head of the Plan
0%
Episode 6 TKO
0%
Episode 6 Tout semblait insignifiant
0%
Episode 3 Une question d'efficacité
0%
Episode 5 Vivez plusieurs vies
0%
Episode 7 Vœux pieux
0%
Episode 4 Votre place au paradis
0%
Episode 8 Vous l'avez demandé
0%
Episode 1 We're Back
0%
Aucun quiz correspondant
Distribution des résultats
% des personnes avec chaque résultat
Percentile par nombre de réponses
Votre historique - résultats
Vous n’avez pas pris ce quiz